00641 2200205 4500001002100000005001500021035002000036007000300056008004100059020000600100082000800106084001400114100001600128245012200144250003100266260004500297300004800342650001800390700002700408INLIS00000000000194920250812090151 a0010-0825000225ta250812 d j ind  a- a813 a813 RIV a0 aRiva Rahayu1 aAswara dalam Aksara :bAntologi Cerita Pendek Teater Aswara SMANSA TaPaRa /cRiva Rahayu (Penulis); Sumiyati (Editor) aCetakan Pertama, Juni 2025 aJawa Barat :bDandelion Publisher,c2025 avii; 67 Halaman :bIlustrasi; teks ;c20 cm 4aCerita Pendek0 aIzza Afkarina Nurdiana